| 000 | 01906cam a22004694i 4500 | ||
|---|---|---|---|
| 003 | PE-LiUPU | ||
| 005 | 20250731184557.0 | ||
| 008 | 150706s r 000 0 d | ||
| 035 | _a(Sirsi) a48876 | ||
| 040 |
_aPE-LiUPU _bspa _cPE-LiUPU _erda |
||
| 049 | _aPRUA | ||
| 082 | 0 | 4 |
_a912.85 _bA _221 |
| 110 | 2 | _a[Diario Expreso S.A.] | |
| 245 | 1 | 0 |
_aAtlas del Perú : _bgeografía, turismo y gastronomía / _c[Diario Expreso S.A.]. |
| 264 | 1 |
_aLima : _bExpreso, _c2008. |
|
| 300 |
_a188 páginas : _bIl.fotos, mapas, a color ; _c28 cm. |
||
| 336 |
_atext _2rdacontent |
||
| 337 |
_aunmediated _2rdamedia |
||
| 338 |
_avolume _2rdacarrier |
||
| 500 | _aEncuadernación de suplementos del diario Expreso. | ||
| 505 | 0 | _aDepartamento de Amazonas -- Departamento de Áncash -- Departamento de Apurímac -- Departamento de Arequipa -- Departamento de Ayacucho -- Departamento de Cajamarca -- Departamento del Cusco -- Departamento de Huancavelica -- Departamento de Huánuco -- Departamento de Ica -- Departamento de Junín -- Departamento de Lambayeque -- Departamento de la Libertad. | |
| 526 | _aP136 | ||
| 526 | _aP135 | ||
| 526 | _aP134 | ||
| 526 | _aP133 | ||
| 526 | _aP144 | ||
| 526 | _aP143 | ||
| 526 | _aP87 | ||
| 526 | _aP35 | ||
| 526 | _aP20 | ||
| 526 | _aP14 | ||
| 526 | _aP10 | ||
| 526 | _aP06 | ||
| 651 | 4 |
_aPerú _xGeografía _vAtlas. |
|
| 910 |
_bjv _clch _d20100914 |
||
| 942 |
_2ddc _cBOOK |
||
| 949 |
_a912.85 A 1 _wDEWEY _c1 _i62068 _lCCODEBUL1 _mBUL _p15.00 _r0 _sY _tLIBRO _u2015-07-06 _xBIBLIOTECA _zUNKNOWN _o.STAFF. Colección General |
||
| 994 |
_aC0 _bPEPRU |
||
| 596 | _a1 | ||
| 999 |
_a912.85 A 1 _wDEWEY _c51161 _i62068 _d51161 _f2021-11-8 _g5 _lCCODEBUL1 _mBUL _p15.00 _q2 _r0 _sY _tBOOK _u2015-7-6 _xBIBLIOTECA _zUNKNOWN _0COMPRA _o.STAFF. Colección General |
||
| 980 |
_81 _gALBERTO SANCHEZ Responsable de Automatización |
||